Header

Los sanjuaninos: (Registro nro. 196)

Detalles MARC
000 -LEADER
campo de control de longitud fija 00630nam a2200217Ia 4500
001 - NÚMERO DE CONTROL
campo de control 196
003 - IDENTIFICADOR DE NÚMERO DE CONTROL
campo de control AR-BaAGN
005 - FECHA Y HORA DE LA ÚLTIMA TRANSACCIÓN
campo de control 20231117102239.0
007 - CAMPO FIJO DE DESCRIPCIÓN FÍSICA--INFORMACIÓN GENERAL
campo de control de longitud fija ta
008 - DATOS DE LONGITUD FIJA--INFORMACIÓN GENERAL
campo de control de longitud fija 211206s9999 xx 000 0 spa d
040 ## - FUENTE DE CATALOGACIÓN
Centro catalogador/agencia de origen AR-BaAGN
Lengua de catalogación español
Normas de descripción aacr
942 ## - ELEMENTOS DE ENTRADA SECUNDARIOS (KOHA)
Fuente del sistema de clasificación o colocación Clasificación Decimal Dewey
Suprimir en OPAC No
Tipo de ítem Koha Libro
100 1# - ENTRADA PRINCIPAL--NOMBRE DE PERSONA
Nombre de persona Carril, Salvador María del,
Fechas asociadas al nombre 1798-1883
ID autoridades 5612
245 10 - MENCIÓN DEL TÍTULO
Título Los sanjuaninos:
Resto del título [carta al Gral. N. Benavides, enero 30 de 1853]
260 ## - PUBLICACIÓN, DISTRIBUCIÓN, ETC.
Lugar de publicación, distribución, etc. [Lugar de publicación no identificado] :
Nombre del editor, distribuidor, etc. [editor no identificado],
Fecha de publicación, distribución, etc. [1853]
300 ## - DESCRIPCIÓN FÍSICA
Extensión 1 volumen
336 ## - TIPO DE CONTENIDO
Fuente rdacontent
Código de tipo de contenido texto
337 ## - TIPO DE MEDIO
Fuente rdamedia
Código del tipo de medio no mediado
338 ## - TIPO DE SOPORTE
Fuente rdacarrier
Código del tipo de soporte volumen
500 ## - NOTA GENERAL
Nota general Recortes
Existencias
Estado de retiro Estado de pérdida Estado de conservación Biblioteca actual Ubicación en estantería Signatura topográfica completa Código de barras Tipo de ítem Koha
      Biblioteca del Archivo General de la Nación José Juan Biedma - Biblioteca JJB 126 JJB-126 Libro

Contacto

Dirección: Av. Leandro Alem 246, 3er piso (CABA).
Código postal: C1003AAP
Teléfono: 2206-0013
Correo electrónico: comunicacionagn@mininterior.gob.ar
Sitio Web: www.argentina.gob.ar/interior/archivo-general-de-la-nacion

AGN en las redes sociales

Facebook  /  Twitter  /  Instagram